Rashtrapati Droupadi Murmu : (Record no. 1880)

MARC details
000 -LEADER
fixed length control field 00725nam a22002297a 4500
003 - CONTROL NUMBER IDENTIFIER
control field OSt
005 - DATE AND TIME OF LATEST TRANSACTION
control field 20260305151437.0
008 - FIXED-LENGTH DATA ELEMENTS--GENERAL INFORMATION
fixed length control field 260305b |||||||| |||| 00| 0 eng d
020 ## - INTERNATIONAL STANDARD BOOK NUMBER
International Standard Book Number 9789355629524
040 ## - CATALOGING SOURCE
Language of cataloging English
Transcribing agency Central Library IIT Goa
082 ## - DEWEY DECIMAL CLASSIFICATION NUMBER
Classification number 923.254
Item number MOH
100 ## - MAIN ENTRY--PERSONAL NAME
Personal name Mohanty, Vijaya Lakshmi
9 (RLIN) 3699
245 ## - TITLE STATEMENT
Title Rashtrapati Droupadi Murmu :
Remainder of title Badalte Bharat Ka Pratibimb /
Statement of responsibility, etc. Vijaya Lakshmi Mohanty
260 ## - PUBLICATION, DISTRIBUTION, ETC.
Place of publication, distribution, etc. New Delhi :
Name of publisher, distributor, etc. Prabhat Prakashan Pvt. Ltd. ,
Date of publication, distribution, etc. 2025
300 ## - PHYSICAL DESCRIPTION
Extent 254p.
650 ## - SUBJECT ADDED ENTRY--TOPICAL TERM
Topical term or geographic name entry element Hindi
9 (RLIN) 2694
650 ## - SUBJECT ADDED ENTRY--TOPICAL TERM
Topical term or geographic name entry element President (India)
9 (RLIN) 3700
650 ## - SUBJECT ADDED ENTRY--TOPICAL TERM
Topical term or geographic name entry element Women President (Biography)
9 (RLIN) 3701
650 ## - SUBJECT ADDED ENTRY--TOPICAL TERM
Topical term or geographic name entry element Politics & Governmnent
9 (RLIN) 3702
700 ## - ADDED ENTRY--PERSONAL NAME
Personal name Devedi, Nilesh
Relator term editor
9 (RLIN) 3703
942 ## - ADDED ENTRY ELEMENTS (KOHA)
Source of classification or shelving scheme Dewey Decimal Classification
Koha item type Books
Holdings
Withdrawn status Lost status Source of classification or shelving scheme Damaged status Not for loan Collection code Home library Current library Shelving location Date acquired Source of acquisition Cost, normal purchase price Total Checkouts Full call number Barcode Date last seen Copy number Cost, replacement price Price effective from Koha item type Public note
    Dewey Decimal Classification     Hindi IIT Goa Central Library IIT Goa Central Library Fiction 2026-03-05 Shankar's Book Agency Pvt. Ltd. 500.00   923.254 MOH 4625 2026-03-05 1 500.00 2026-03-05 Books IN36834/25-26||07-02-2026||25.00%